• 首页
  • 本馆介绍
  • 公告通知
  • 最新文献
  • 馆藏检索
  • 电子资源
  • 读者导购
  • 参考咨询
  • 我的图书馆
  • 登录
  • 详细信息显示
  • 放入我的书架
  • 预约/预借图书
  • 作者相关作品
  • 分类相关作品
  • 丛书相关作品
  • 出版社相关作品

书目信息

  • 表格格式
  • 工作单格式
  • 卡片格式
题名:
光的干涉及其应用
    
 
作者: 夏学江 编
分册:  
出版信息: 北京   高等教育出版社  1982.3
页数: 136页
开本: 20cm
丛书名: 高等学校物理学习丛书
单 册:
中图分类: O436.1
科图分类:
主题词: 光学
电子资源:
ISBN:
000 00547nam0 2200205 45
001 0312221749
005 20060816180156.34
010    @dCNY0.40
091    @a13010.0734
100    @a20031222d1982 km y0chiy0120 ea
101    @achi
200 1  @a光的干涉及其应用@AGuang De Gan She Ji Qi Ying Yong@f夏学江编@FXia Xue Jiang Bian
210    @a北京@c高等教育出版社@d1982.3
215    @a136页@d20cm
225 2  @a高等学校物理学习丛书
606 0  @a光学
690    @aO436.1@v3
701 0  @a夏学江@4编
801    @aCN@bTSTCL@c20060816
905    @dO436.1@e11
    
    光的干涉及其应用/夏学江编.-北京:高等教育出版社,1982.3
    136页;20cm.-(高等学校物理学习丛书)
    
    
    ISBN :CNY0.40
    
●
相关链接 在E读中查询图书 在五车中查询图书 在当当中查询图书 在豆瓣中查询图书


正题名:光的干涉及其应用     索取号:O436.1/11         预约/预借

序号 登录号 条形码 馆藏地/架位号 状态 备注
1 0121483   001461126   第三借阅区/ [索取号:O436.1/11] 在馆    
2 0121484   001461171   第三借阅区/ [索取号:O436.1/11] 在馆    
3 0121485   001950801   第三借阅区/ [索取号:O436.1/11] 在馆    
4 0121486   001461215   第三借阅区/ [索取号:O436.1/11] 在馆    
5 0121487   001461117   第二样本阅览室/ [索取号:O436.1/11] 在馆    
6 0432008   204320083   密集书库/ [索取号:O436.1/11] 在馆    
7 0462041   204620419   密集书库/ [索取号:O436.1/11] 在馆    
唐山师范学院图书馆 欢迎您!
大连网信软件有限公司© 版权所有